| 000 | 00333nam a22000977a 4500 | ||
|---|---|---|---|
| 100 | _aMALEK, Abdul Rashid A | ||
| 245 | _aFire retardant study on commercial chipboards-Part I. Fire propagation performance (FRIM Occasional paper No.2/87) | ||
| 260 |
_aMalaysia _bForest Research Institute of Malaysia _c1987 |
||
| 300 | _a7p. | ||
| 942 | _cRE | ||
| 999 |
_c75424 _d75424 |
||